000 00555nam a2200193Ia 4500
005 20250508152336.0
008 008 250505s9999 xx 000 0 eng d
037 _aTextual
040 _aFEDL
_beng
_cFEDL
041 _aeng
_2eng
084 _a301, STE
_qFEDL
100 _aStevens David H.
_992805
245 0 _aChanging humanities: An appraisal of old values and new uses
260 _aNew York, USA
_bHarper and Brothers
_c1953
300 _axiv,272p
650 _aSociology
942 _cTEXL
_h301, STE
999 _c1335811
_d1335811